| 000 | 00437nam a2200193Ia 4500 | ||
|---|---|---|---|
| 005 | 20250603145110.0 | ||
| 008 | 250603s9999 xx 000 0 und d | ||
| 020 | _a9781259252372 | ||
| 050 | _aQP 34.5 .F69/ | ||
| 100 | _aFox, Stuart Ira | ||
| 245 | 0 | _aHuman physiology | |
| 250 | _a14th ed. | ||
| 260 | _aNew York | ||
| 260 | _bMcGraw Hill Education | ||
| 260 | _c2016 | ||
| 300 | _a753 p | ||
| 650 | _aNew York | ||
| 942 | _cBK | ||
| 999 |
_c40866 _d40866 |
||